000
00261nam a22001217a 4500
082
_a
536.2 MCA'H
100
_a
MCADAMS, W. H
_9
78506
245
_a
HEAT TRANSMISSION
250
_a
3RD ED
260
_a
LONDON
_b
MCGRAW HILL
_c
1954
300
_a
532P
942
_c
BK
999
_c
583615
_d
583615